Największe transfery sezonu 2019/20 - Statystyki

Ogólne statystyki
  • Ten quiz został rozwiązany 105 razy
  • Średni wynik to 9 z 10
Statystyki odpowiedzi
# Piłkarz Narodowość Klub oddający Kwota transferu Klub pozyskujący % Poprawnych
3 Eden Hazard
115,00 mln €
97%
5 Frenkie de Jong
86,00 mln €
96%
1 João Félix
127,20 mln €
94%
2 Antoine Griezmann
120,00 mln €
92%
6 Matthijs de Ligt
85,50 mln €
88%
9 Romelu Lukaku
74,00 mln €
87%
10 João Cancelo
65,00 mln €
81%
4 Harry Maguire
87,00 mln €
76%
8 Nicolas Pépé
80,00 mln €
76%
7 Lucas Hernández
80,00 mln €
68%
Nie znaleziono quizów pasujących do podanych kryteriów
Rozkład punktacji
Procent ludzi z każdym wynikiem
Percentyl według liczby udzielonych odpowiedzi
Twoja historia wyników
Nie rozwiązałeś tego quizu